000 005490000a22002050004500
020 _a0-87784-380-5
041 0 _aENG
082 0 4 _aG 234.8 P958w
100 1 _aPrior, Kenneth
245 1 0 _aThe way of holiness : A study in Christian growth
250 _aRevised Edition
260 _aDowners Grove, ILL., USA : InterVarsity
300 _a172 Pag
650 1 4 _aSANTIFICACION - CRISTIANISMO
001 12063
942 _cBK
999 _c41092
_d41092
336 _atexto
_btxt
_2rdacontent
337 _2rdamedia
_asin mediación
_bn
338 _2rdacarrier
_avolumen
_bnc